000
00341nam a2200133Ia 4500
008
100328s9999 xx 000 0 und d
082
_b
51822
100
_a
गुंदेकर श्रीराम
245
_a
लगाम
260
_b
दिलीपराज
630
_a
लगाम
730
_a
लगाम
942
_c
BOOK
999
_c
538731
_d
538728